Harry potter HARDEST QUIZ!!! Stats

 Plays Quiz not verified by Sporcle

Challenge
Share
Tweet
Embed
Score 0/10 Timer 15:00
0 Plays Today
clue answer % Correct
how many staircases are there in hogwarts?142
57.9%
what color are madam hooch's eyes?yellow
50.3%
what time does harry's first quidditch training session start?7 pm
26.4%
what time does hagrid want to have tea with harry at?around three
24.4%
what words does dumbledore say at harry's first dinner to make the food appear?nitwit blubber oddment tweak
22.5%
what is the third to last word of the hogwarts song?brains
21.6%
which chocolate frog cards are ron missing?agrippa and ptolemy
21.3%
how long is harry's wand?thirteen and a half inches
20.5%
in what town do the dursleys first stay when ttrying to escape the letters?cokeworth
12.4%
what is harry eating when quirrell runs into the great hall on halloween?a baked potato
6.7%

You're not logged in!

Compare scores with friends on all Sporcle quizzes.
OR
Log In

You Might Also Like...

Show Comments

Extras

Created Mar 20, 2011ReportNominate

Top Quizzes Today


Score Distribution

Your Account Isn't Verified!

In order to create a playlist on Sporcle, you need to verify the email address you used during registration. Go to your Sporcle Settings to finish the process.

Report this User

Report this user for behavior that violates our Community Guidelines.

Details: